| 000 | 00510nam a2200169Ia 4500 | ||
|---|---|---|---|
| 999 |
_c34893 _d34893 |
||
| 003 | OSt | ||
| 005 | 20200215111641.0 | ||
| 008 | 190216s9999||||xx |||||||||||||| ||und|| | ||
| 040 | _coclc | ||
| 082 |
_a320.954 _bDUB/S |
||
| 100 |
_aDubey, S N _92022 |
||
| 245 | 0 |
_aSimple Study Of Indian Government And Politics / _cS N Dubey |
|
| 260 |
_bLakshmi Narain Agarwal Pub, _c1998. _aAgra: |
||
| 300 | _a432p | ||
| 650 | _aPolitical Science | ||
| 942 |
_cBK _2ddc _h320.954 _iDUB/S _k320.954 _mDUB/S |
||